000 00395nam a22001457a 4500
008 240205b ||||| |||| 00| 0 eng d
020 _a6110997
041 _aeng
080 _2COPYRIGHT 1955 AND 1962 BY YEAR BOOK MEDICAL
_a159.9
082 _a159.9COM
100 _a25
101 _aPSI
245 _aTHE LUNG CLINICAL PHYSOLOGY PULMONARY FUNCTION TESTS
_cJULIUS .H.COMROE
942 _2udc
_cBK
999 _c60575
_d60575